Moneypenny, or, The heart of the world : a romance of the present day /

Bibliographic Details
Main Author: Mathews, Cornelius, 1817-1889
Format: Microform Book
Language:English
Published: New York : Dewitt & Davenport, 1849.

MARC

Tag First Indicator Second Indicator Subfields
LEADER 00000cam a2200000 a 4500
001 in00000755437
005 20151016160914.0
007 hd afa014baca
008 760528s1849 ctua a 00001 eng d
035 |a (OCoLC)02199981 
035 |9 ADJ1224AM 
040 |a JNA  |c JNA  |d LWS  |d UtOrBLW 
049 |a TXAI 
090 |a PS15 
099 |a film  |a B  |a 1551 
100 1 |a Mathews, Cornelius,  |d 1817-1889. 
245 1 0 |a Moneypenny, or, The heart of the world :  |b a romance of the present day /  |c illustrated by Darley. 
264 1 |a New York :  |b Dewitt & Davenport,  |c 1849. 
300 |a 270 pages :  |b illustrations 
336 |a text  |b txt  |2 rdacontent 
337 |a microform  |b h  |2 rdamedia 
338 |a microfilm reel  |b hd  |2 rdacarrier 
533 |a Microfilm.  |b Woodbridge, Conn. :  |c Research Publications,  |d 1970-1978.  |e 1 microfilm reel ; 35 mm.  |f (Wright American fiction ; v. 1 (1774-1850), reel M-7, no. 1832) 
500 |a Microform. 
740 0 |a Money penny. 
999 |a MARS 
999 f f |s a1fef169-1670-3ea8-9776-bcb8450b9672  |i 15952b64-8ea2-3128-ab08-64925f192474  |t 0 
952 f f |p default  |a Texas A&M University  |b College Station  |c Sterling C. Evans Library  |d Evans: Microforms (3rd floor)  |t 0  |e film B 1551 v.1 reel M-7 no.1832  |h Other scheme  |i microform -- microfilm reel 
998 f f |a film B 1551 v.1 reel M-7 no.1832  |t 0  |l Evans: Microforms (3rd floor)